000 00885pam a2200217 4500
001 1848
005 20181127164107.0
008 940621s1995 njua b 101 0 eng
010 _a 94022343
020 _a0805810951
020 _a080581096X (pbk.)
245 0 0 _aConstructivism in education /
_cedited by Leslie P. Steffe and Jerry Gale.
260 _aHillsdale, N.J. :
_bLawrence Erlbaum,
_c1995.
300 _axvii, 575 p. :
_bill. ;
_c24 cm.
500 _aPapers presented at the Alternative Epistemologies in Education Conference, held Feb. 19-23, 1992, at the University of Georgia.
504 _aIncludes bibliographical references (p. 529-557) and indexes.
650 0 _aConstructivism (Education)
_xCongresses.
700 1 _aGale, Jerry Edward.
700 1 _aSteffe, Leslie P.
711 2 _aAlternative Epistemologies in Education Conference
_d(1992 :
_cUniversity of Georgia)
999 _c1413
_d1413